|
|
|
|
| LEADER |
00813nab a2200229 i 4500 |
| 001 |
publ15787 |
| 005 |
20190621083500.0 |
| 008 |
190621s2019 hu o 0|| zxx d |
| 022 |
|
|
|a 2365-6549
|
| 024 |
7 |
|
|a 10.1002/slct.201900688
|2 doi
|
| 024 |
7 |
|
|a 30609008
|2 mtmt
|
| 040 |
|
|
|a SZTE Publicatio Repozitórium
|b hun
|
| 041 |
|
|
|a zxx
|
| 100 |
1 |
|
|a Benke Zsanett Amália
|
| 245 |
1 |
3 |
|a An Insight into Selective Olefin Bond Functionalization of Cyclodienes through Nitrile Oxide 1,3-Dipolar Cycloadditions
|h [elektronikus dokumentum] /
|c Benke Zsanett Amália
|
| 260 |
|
|
|c 2019
|
| 300 |
|
|
|a 2886-2891
|
| 490 |
0 |
|
|a CHEMISTRYSELECT
|v 4 No. 10
|
| 700 |
0 |
1 |
|a Nonn Melinda
|e aut
|
| 700 |
0 |
1 |
|a Fülöp Ferenc
|e aut
|
| 700 |
0 |
1 |
|a Kiss Loránd
|e aut
|
| 856 |
4 |
0 |
|u http://publicatio.bibl.u-szeged.hu/15787/1/benke.pdf
|z Dokumentum-elérés
|